000 00216nam a22000977a 4500
999 _c16011
_d16011
003 OSt
008 191026b ||||| |||| 00| 0 eng d
100 _aGuptan,Nair S
_94473
245 _aAnchu laghu nadangal
942 _cBK